000 01331nam0a22002891 4500
001 rc\2818540
005 20250529184705.0
035 _a(NLR Aleph) 006944240
090 _a5182542
_c5182542
100 _a20110915d1936 |||y0rusy50 ca
101 0 _arus
102 _aRU
105 _aa z |||||
200 1 _aОсвещение централизованных постов
_eЭлектрич. и эстественное
_fИнж. И. Х. Озолинг, инж. К. П. Белов
_g[Предисл. проф. М. Вахнин]
210 _aМосква
_cизд. и 5 тип. Трансжелдориздата
_d1936
215 _aОбл., 64 с.
_cил.
_d22х15 см.
225 1 _aНаучно-исследовательский институт железнодорожного транспорта
_vВып. 9
320 _aБиблиогр.: "Список лит-ры" (7 назв.)
700 1 _aОзолинг
_bИ. Х.
_f1903-
_gИван Христофорович
701 1 _7ca
_8rus
_aБелов
_bК. П.
_cканд. техн. наук, ж.-д. транспорт
_gКонстантин Павлович
_9271200
_3RU\NLR\AUTH\770271256
702 1 _aВахнин
_bМ.
_4080
801 0 _aRU
_bNLR
_gpsbo
801 1 _aRU
_bELAR
_2rusmarc
852 _aNLR
_j36-18/225-9
942 _cBOOK
980 _aNB